<?xml version="1.0" encoding="UTF-8"?>
<collection xmlns="http://www.loc.gov/MARC21/slim">
 <record>
  <leader>00696nas a22002171  4500</leader>
  <controlfield tag="001">1/50815</controlfield>
  <controlfield tag="008">020312c19969999enkqrzp           a0eng d</controlfield>
  <datafield tag="022" ind1=" " ind2=" ">
   <subfield code="a">1359-7701</subfield>
  </datafield>
  <datafield tag="035" ind1=" " ind2=" ">
   <subfield code="l">22995</subfield>
  </datafield>
  <datafield tag="090" ind1=" " ind2=" ">
   <subfield code="a">Αλφαβητική σειρά</subfield>
  </datafield>
  <datafield tag="245" ind1="0" ind2="0">
   <subfield code="a">International journal of shipping law</subfield>
  </datafield>
  <datafield tag="260" ind1=" " ind2=" ">
   <subfield code="a">London :</subfield>
   <subfield code="b">Lloyd's of London Press Ltd.,</subfield>
   <subfield code="c">1996-</subfield>
  </datafield>
  <datafield tag="300" ind1=" " ind2=" ">
   <subfield code="a">v. ;</subfield>
   <subfield code="c">25 cm.</subfield>
  </datafield>
  <datafield tag="310" ind1=" " ind2=" ">
   <subfield code="a">Quarterly</subfield>
  </datafield>
  <datafield tag="362" ind1="0" ind2=" ">
   <subfield code="a">No.1(March 1999)-no.4(Dec. 1999)</subfield>
  </datafield>
  <datafield tag="546" ind1=" " ind2=" ">
   <subfield code="a">English</subfield>
  </datafield>
  <datafield tag="650" ind1=" " ind2="4">
   <subfield code="a">Maritime law</subfield>
   <subfield code="x">Cases</subfield>
   <subfield code="v">Periodicals.</subfield>
  </datafield>
  <datafield tag="650" ind1=" " ind2="4">
   <subfield code="a">Maritime law</subfield>
   <subfield code="v">Periodicals.</subfield>
  </datafield>
  <datafield tag="710" ind1="2" ind2=" ">
   <subfield code="a">Lloyd's of London Press.</subfield>
  </datafield>
  <datafield tag="950" ind1=" " ind2=" ">
   <subfield code="c">ΑΡΧΕΙΟ ΠΕΡΙΟΔΙΚΩΝ</subfield>
   <subfield code="d">418</subfield>
  </datafield>
  <datafield tag="951" ind1=" " ind2=" ">
   <subfield code="a">No.1(March 1999) -  (no.4(Dec. 1999)</subfield>
   <subfield code="b">Main run</subfield>
  </datafield>
 </record>
</collection>
